Competencias profesionales de los orientadores educativos mexicanos (Record no. 150640)
[ view plain ]
| 000 -CABECERA | |
|---|---|
| campo de control de longitud fija | 00575nab a2200181 a 4500 |
| 005 - FECHA Y HORA DE LA ÚLTIMA TRANSACCIÓN | |
| campo de control | 20210219161102.0 |
| 008 - ELEMENTOS DE LONGITUD FIJA--INFORMACIÓN GENERAL | |
| campo de control de longitud fija | 991125s1985 mx 000 0 spa u |
| 035 ## - NÚMERO DE CONTROL DEL SISTEMA | |
| Número de control de sistema | UPN01000178537 |
| 100 1# - ASIENTO PRINCIPAL--NOMBRE PERSONAL | |
| Nombre de persona | Cabrera López, Gabriela |
| 222 ## - TÍTULO CLAVE | |
| Título clave | REVISTA ESPAÑOLA DE ORIENTACION Y PSICOPEDAGOGIA |
| 245 ## - MENCIÓN DE TÍTULO | |
| Título | Competencias profesionales de los orientadores educativos mexicanos |
| 300 ## - DESCRIPCIÓN FÍSICA | |
| Extensión | 380-390 |
| 362 0# - FECHAS DE PUBLICACIÓN Y/O DESIGNACIÓN SECUENCIAL | |
| Fecha de publicación y/o designación secuencial | 2010 Vol. 21, no. 2, may.-ago. |
| 653 0# - TERMINO DE INDIZACION - NO CONTROLADO | |
| Término no controlado | ORIENTADOR EDUCATIVO |
| 653 0# - TERMINO DE INDIZACION - NO CONTROLADO | |
| Término no controlado | COMPETENCIAS PROFESIONALES |
| 653 0# - TERMINO DE INDIZACION - NO CONTROLADO | |
| Término no controlado | ORIENTACION EDUCATIVA |
| 905 ## - TIPO DE MATERIAL | |
| Tipo de material | Articulo |
No items available.
